<?xml version="1.0" encoding="UTF-8"?>
<record
    xmlns:xsi="http://www.w3.org/2001/XMLSchema-instance"
    xsi:schemaLocation="http://www.loc.gov/MARC21/slim http://www.loc.gov/standards/marcxml/schema/MARC21slim.xsd"
    xmlns="http://www.loc.gov/MARC21/slim">

  <leader>03131ngm a22005177a 4500</leader>
  <controlfield tag="006">a|||||s|||||00| 0 </controlfield>
  <controlfield tag="007">tz</controlfield>
  <controlfield tag="008">110613s2002    cau|||||s|||| 00| 0 eng d</controlfield>
  <datafield tag="020" ind1=" " ind2=" ">
    <subfield code="a">0790765195</subfield>
  </datafield>
  <datafield tag="020" ind1=" " ind2=" ">
    <subfield code="a">9780790765198</subfield>
  </datafield>
  <datafield tag="082" ind1=" " ind2=" ">
    <subfield code="2">22</subfield>
    <subfield code="a">791.4372</subfield>
    <subfield code="b">SIN</subfield>
  </datafield>
  <datafield tag="245" ind1="0" ind2="0">
    <subfield code="a">Singin' in the Rain</subfield>
    <subfield code="h">[videorecording] /</subfield>
    <subfield code="c">Metro-Goldwyn-Mayer ; story and screen play by Adolf Green and Betty Comden ; produced by Arthur Freed ; directed by Gene Kelly and Stanley Donen.</subfield>
  </datafield>
  <datafield tag="250" ind1=" " ind2=" ">
    <subfield code="a">Special ed.</subfield>
  </datafield>
  <datafield tag="260" ind1=" " ind2=" ">
    <subfield code="a">Burbank, Calif. : </subfield>
    <subfield code="b">Warner Home Video , 2002</subfield>
    <subfield code="c">2002</subfield>
  </datafield>
  <datafield tag="300" ind1=" " ind2=" ">
    <subfield code="a">2 videodiscs (103 min.) : </subfield>
    <subfield code="b">sd., col. ; </subfield>
    <subfield code="c">4 3/4 in.</subfield>
  </datafield>
  <datafield tag="500" ind1=" " ind2=" ">
    <subfield code="a">Originally released as a motion picture in 1951.</subfield>
  </datafield>
  <datafield tag="500" ind1=" " ind2=" ">
    <subfield code="a"> "Suggested by the song 'Singin' in the rain'." </subfield>
  </datafield>
  <datafield tag="500" ind1=" " ind2=" ">
    <subfield code="a">Special features: Disc 1. Commentary by Debbie Reynolds, Donald O'Connor, Cyd Charisse, Kathleen Freeman, co-director Stanley Donen, screenwriters Betty Comden and Adolph Green, filmmaker Baz Luhrmann and historian Rudy Behlmer; "Reel sound" talkies film history; "Singin' inspirations" plays film with additional hidden footage; Theatrical trailer; Awards; Cast &amp; crew filmographies. Disc 2. "Musicals great musicals" documentary; "What a glorious feeling" documentary; "Excerpts from features where the songs originated" Arthur Freed/Nacio Herb Brown original songs excerpted from films; "You are my lucky star" outtake; Gallery; Scoring stage sessions.</subfield>
  </datafield>
  <datafield tag="508" ind1=" " ind2=" ">
    <subfield code="a">Lyrics by Arthur Freed ; music by Nacio Herb Brown; Director of photography, Harold Rosson ; film editor, Adrienne Fazan</subfield>
  </datafield>
  <datafield tag="511" ind1=" " ind2=" ">
    <subfield code="a">Gene Kelly, Donald O'Connor, Debbie Reynolds, Jean Hagen, Millard Mitchell, Cyd Charisse</subfield>
  </datafield>
  <datafield tag="520" ind1=" " ind2=" ">
    <subfield code="a">Silent movies are giving way to talking pictures, and a hoofer-turned-matinee idol is caught in that bumpy transition, as well as his buddy, prospective ladylove, and shrewish co-star.</subfield>
  </datafield>
  <datafield tag="521" ind1=" " ind2=" ">
    <subfield code="a"> MPAA rating: G.</subfield>
  </datafield>
  <datafield tag="538" ind1=" " ind2=" ">
    <subfield code="a">DVD; region 1, NTSC; full screen presentation preserving the aspect ratio of its original theatrical exhibition; Dolby digital surround 5.1; dual-layer.</subfield>
  </datafield>
  <datafield tag="546" ind1=" " ind2=" ">
    <subfield code="a">In English or dubbed French with optional English, French, or Spanish subtitles; closed-captioned</subfield>
  </datafield>
  <datafield tag="650" ind1=" " ind2=" ">
    <subfield code="9">25139</subfield>
    <subfield code="a">Motion picture actors and actresses</subfield>
    <subfield code="v">Drama</subfield>
    <subfield code="z">United States</subfield>
  </datafield>
  <datafield tag="650" ind1=" " ind2=" ">
    <subfield code="9">25141</subfield>
    <subfield code="a">Dancers</subfield>
    <subfield code="v">Drama</subfield>
  </datafield>
  <datafield tag="653" ind1=" " ind2=" ">
    <subfield code="c">June2011</subfield>
  </datafield>
  <datafield tag="655" ind1=" " ind2=" ">
    <subfield code="a">Comedy films </subfield>
  </datafield>
  <datafield tag="655" ind1=" " ind2=" ">
    <subfield code="a">Feature films</subfield>
  </datafield>
  <datafield tag="655" ind1=" " ind2=" ">
    <subfield code="a">Musical films</subfield>
  </datafield>
  <datafield tag="700" ind1=" " ind2=" ">
    <subfield code="9">25142</subfield>
    <subfield code="a">Freed, Arthur</subfield>
    <subfield code="d">1894-1973</subfield>
    <subfield code="e">lyr</subfield>
    <subfield code="e">pro</subfield>
  </datafield>
  <datafield tag="700" ind1=" " ind2=" ">
    <subfield code="9">25143</subfield>
    <subfield code="a">Kelly, Gene</subfield>
    <subfield code="d">1912-1996</subfield>
    <subfield code="e">act</subfield>
    <subfield code="e">drt</subfield>
  </datafield>
  <datafield tag="700" ind1=" " ind2=" ">
    <subfield code="9">25144</subfield>
    <subfield code="a">Green, Adolph</subfield>
    <subfield code="e">aus</subfield>
  </datafield>
  <datafield tag="700" ind1=" " ind2=" ">
    <subfield code="9">25145</subfield>
    <subfield code="a">Comden, Betty</subfield>
    <subfield code="e">aus</subfield>
  </datafield>
  <datafield tag="700" ind1=" " ind2=" ">
    <subfield code="9">25146</subfield>
    <subfield code="a">Brown, Nacio Herb</subfield>
    <subfield code="d">1896-1964</subfield>
    <subfield code="e">cmp</subfield>
  </datafield>
  <datafield tag="700" ind1=" " ind2=" ">
    <subfield code="9">25147</subfield>
    <subfield code="a">Fazan, Adrienne</subfield>
    <subfield code="e">flm</subfield>
  </datafield>
  <datafield tag="700" ind1=" " ind2=" ">
    <subfield code="9">25148</subfield>
    <subfield code="a">Rosson, Harold</subfield>
    <subfield code="d">1895-1988</subfield>
    <subfield code="e">cng</subfield>
  </datafield>
  <datafield tag="700" ind1=" " ind2=" ">
    <subfield code="9">25149</subfield>
    <subfield code="a">O'Connor, Donald</subfield>
    <subfield code="d">1925-2003</subfield>
    <subfield code="e">act</subfield>
  </datafield>
  <datafield tag="700" ind1=" " ind2=" ">
    <subfield code="9">25150</subfield>
    <subfield code="a">Reynolds, Debbie</subfield>
    <subfield code="e">act</subfield>
  </datafield>
  <datafield tag="700" ind1=" " ind2=" ">
    <subfield code="9">25151</subfield>
    <subfield code="a">Hagen, Jean</subfield>
    <subfield code="d">1924-1977</subfield>
    <subfield code="e">act</subfield>
  </datafield>
  <datafield tag="700" ind1=" " ind2=" ">
    <subfield code="9">25152</subfield>
    <subfield code="a">Mitchell, Millard</subfield>
    <subfield code="d">1900-1953</subfield>
    <subfield code="e">act</subfield>
  </datafield>
  <datafield tag="700" ind1=" " ind2=" ">
    <subfield code="9">25153</subfield>
    <subfield code="a">Charisse, Cyd</subfield>
    <subfield code="e">act</subfield>
  </datafield>
  <datafield tag="710" ind1=" " ind2=" ">
    <subfield code="9">25081</subfield>
    <subfield code="a">Metro-Goldwyn-Mayer</subfield>
  </datafield>
  <datafield tag="710" ind1=" " ind2=" ">
    <subfield code="9">25082</subfield>
    <subfield code="a">Warner Home Video (Firm)</subfield>
  </datafield>
  <datafield tag="942" ind1=" " ind2=" ">
    <subfield code="2">ddc</subfield>
    <subfield code="c">CDVDMOV</subfield>
  </datafield>
  <datafield tag="999" ind1=" " ind2=" ">
    <subfield code="c">15587</subfield>
    <subfield code="d">15587</subfield>
  </datafield>
  <datafield tag="952" ind1=" " ind2=" ">
    <subfield code="0">0</subfield>
    <subfield code="1">0</subfield>
    <subfield code="2">ddc</subfield>
    <subfield code="4">0</subfield>
    <subfield code="7">0</subfield>
    <subfield code="8">Baccah</subfield>
    <subfield code="a">MAIN</subfield>
    <subfield code="b">MAIN</subfield>
    <subfield code="c">2ND</subfield>
    <subfield code="d">2011-06-13</subfield>
    <subfield code="g">218.00</subfield>
    <subfield code="h">12344</subfield>
    <subfield code="l">1</subfield>
    <subfield code="o">791.4372 SIN</subfield>
    <subfield code="p">000024306</subfield>
    <subfield code="r">2022-08-24 00:00:00</subfield>
    <subfield code="s">2019-09-22</subfield>
    <subfield code="w">2011-06-13</subfield>
    <subfield code="y">CDVDWBB</subfield>
    <subfield code="z">2 DVDs</subfield>
  </datafield>
</record>
